000 01307nam a22002897a 4500
001 BRCA_9255
003 FranzMayer
005 20230717140051.0
008 230714b |||||||| |||| 00| 0 eng d
020 _a9786073059374
040 _aMFM
_besp
_cMFM
041 _aesp
050 0 _aNC675.M49
_bU53 2022
240 1 _aEl diseño y los objetivos de desarrollo sostenible
_hProyectos ganadores del Premio Nacional de Diseño: Diseña México 2020
_lesp-ing
245 0 _aEl diseño y los objetivos de desarrollo sostenible
_bProyectos ganadores del Premio Nacional de Diseño: Diseña México 2020
260 _aCDMX
_bUNAM
_c2022
300 _a1 v.
_bIlustraciones a color
_c22 cm
500 _aL60/N5
505 0 _aTítulo del lomo: El diseño y los objetivos de desarrollo sostenibleDestinado a: Diseñadores, artistas, fotógrafos, artesanos, investigadores, museógrafosTexto en: Español, inglésIncluye índice (temático)
610 1 _2Editorial
_aUNAM
_bFacultad de arte y diseño
_928718
650 1 _2Diseño
_aArte
_vInnovación
_xMéxico
_928719
651 2 _2Diseñadores
_aPremios
_vMéxico
_928720
700 1 _4Ed. y Comp.
_aFrías Peña, Julio
_928721
700 1 _4Dir.
_aHerrera Teixero, Rodrigo
_928722
710 1 _aUNAM
_bFacultad de artes y diseño
_928723
942 _2lcc
_cB
999 _c10874
_d10874